[Event "WECU-ch39"]
[Site "Weston-super-Mare"]
[Date "1984.04.19"]
[Round "1"]
[White "Meade, Philip James"]
[Black "Rossiter, Philip J"]
[Result "0-1"]
[WhiteElo "2064"]
[BlackElo "2144"]
[PlyCount "58"]
[EventDate "1984.04.19"]
[EventType "swiss"]
[EventRounds "7"]
[EventCountry "ENG"]
[SourceTitle "BritBase"]
[Source "John Saunders"]
[SourceDate "2024.07.04"]
[SourceVersion "1"]
[SourceVersionDate "2024.07.04"]
[SourceQuality "1"]

1. e4 e5 2. Nf3 Nc6 3. Bb5 a6 4. Ba4 Nf6 5. O-O Be7 6. Re1 b5 7. Bb3 O-O 8. c3
d5 9. exd5 Nxd5 10. Nxe5 Nxe5 11. Rxe5 c6 12. d4 Bd6 13. Re1 Qh4 14. g3 Qh3 15.
Be3 Bg4 16. Qd3 Rae8 17. Nd2 f5 18. f4 Kh8 19. Bxd5 cxd5 20. Qf1 Qh5 21. Qg2
Re4 22. Nxe4 fxe4 23. a4 bxa4 24. Rxa4 g5 25. fxg5 Bh3 26. Qd2 Qf3 27. Qf2 Qg4
28. Qxf8+ Bxf8 29. b4 Bd6 {Source: David LeMoir} 0-1

[Event "WECU-ch39"]
[Site "Weston-super-Mare"]
[Date "1984.04.19"]
[Round "1"]
[White "Telfer, Peter J"]
[Black "Thompson, Ian D"]
[Result "0-1"]
[WhiteElo "2000"]
[BlackElo "2120"]
[PlyCount "69"]
[EventDate "1984.04.19"]
[EventType "swiss"]
[EventRounds "7"]
[EventCountry "ENG"]
[SourceTitle "BritBase"]
[Source "John Saunders"]
[SourceDate "2024.07.04"]
[SourceVersion "1"]
[SourceVersionDate "2024.07.04"]
[SourceQuality "1"]

1. Nf3 Nf6 2. g3 b6 3. Bg2 Bb7 4. O-O e6 5. c4 c5 6. d3 Be7 7. Nc3 O-O 8. e4 d6
9. Re1 Nbd7 10. d4 cxd4 11. Nxd4 Qc7 12. Qe2 a6 13. a4 Rfd8 14. b3 Rac8 15. Ba3
Bf8 16. Rac1 Qb8 17. h3 Nc5 18. Qc2 Qa8 19. Rcd1 d5 20. e5 Nfe4 21. Nxe4 dxe4
22. Bxc5 Bxc5 23. Qc3 b5 24. b4 Bxd4 25. Rxd4 Rxd4 26. Qxd4 Rxc4 27. Qd6 g6 28.
Bf1 Rc6 29. Qd4 bxa4 30. b5 axb5 31. Bxb5 Rc8 32. Bxa4 Bd5 33. Bc2 Rxc2 34. Rb1
Rc8 35. Qb4 {Source: Ian Thompson} 0-1

[Event "WECU-ch39"]
[Site "Weston-super-Mare"]
[Date "1984.04.19"]
[Round "1"]
[White "House, Paul G"]
[Black "LeMoir, David A"]
[Result "1/2-1/2"]
[WhiteElo "2040"]
[BlackElo "2128"]
[PlyCount "80"]
[EventDate "1984.04.19"]
[EventType "swiss"]
[EventRounds "7"]
[EventCountry "ENG"]
[SourceTitle "BritBase"]
[Source "John Saunders"]
[SourceDate "2024.07.04"]
[SourceVersion "1"]
[SourceVersionDate "2024.07.04"]
[SourceQuality "1"]

1. d4 d5 2. Nf3 Nc6 3. g3 Bg4 4. Bg2 Qd7 5. O-O g6 6. Re1 Bg7 7. c3 Bxf3 8.
Bxf3 Nf6 9. Bf4 O-O 10. Nd2 Rad8 11. Qb3 b6 12. Rad1 Na5 13. Qc2 c6 14. Be5 Qf5
15. Qa4 Qd7 16. b4 Nc4 17. Nxc4 b5 18. Qc2 bxc4 19. Bg2 Qf5 20. e4 Nxe4 21.
Bxe4 dxe4 22. Bxg7 Kxg7 23. Qxe4 Qxe4 24. Rxe4 e6 25. Kg2 Rd5 26. f4 Rb8 27.
Rb1 a5 28. a3 h5 29. Kf3 Kf6 30. Ree1 a4 31. Re5 Ke7 32. Rbe1 Rbb5 33. h3 Rxe5
34. Rxe5 Rd5 35. g4 hxg4+ 36. hxg4 f6 37. Re2 Kf7 38. Rh2 Kg7 39. Ke4 Rb5 40.
Rf2 Kf7 {Source: David LeMoir} 1/2-1/2

[Event "WECU-ch39"]
[Site "Weston-super-Mare"]
[Date "1984.04.19"]
[Round "1"]
[White "Anthony, Gareth"]
[Black "Ashby, Alan Peter"]
[Result "0-1"]
[WhiteElo "2112"]
[BlackElo "2256"]
[PlyCount "68"]
[EventDate "1984.04.19"]
[EventType "swiss"]
[EventRounds "7"]
[EventCountry "ENG"]
[SourceTitle "BritBase"]
[Source "John Saunders"]
[SourceDate "2024.07.04"]
[SourceVersion "1"]
[SourceVersionDate "2024.07.04"]
[SourceQuality "1"]

1. e4 c5 2. Nf3 e6 3. Nc3 a6 4. d4 cxd4 5. Nxd4 Qc7 6. Bd3 Nc6 7. Be3 Nf6 8.
O-O b5 9. Nb3 Be7 10. f4 d6 11. Qf3 Bb7 12. a4 b4 13. Ne2 (13. Nb1 e5 14. N1d2
exf4 15. Qxf4 O-O 16. Nc4 Rae8 17. Bb6 Qb8 18. Rae1 Ne5 $10 {(as in games 140
& 220)}) 13... O-O (13... e5 $6 14. Ng3 g6 15. f5 $14) 14. g4 g6 15. Ng3 Nd7
16. f5 Nce5 17. Qe2 Rfe8 18. Nd4 exf5 19. gxf5 d5 20. exd5 Bxd5 21. fxg6 hxg6
22. Ne4 Qb7 23. Rf4 Nc5 24. Nf6+ (24. Nxc5 Bxc5 25. Raf1 Bxd4 26. Rxd4 Nf3+ $17
) 24... Bxf6 25. Rxf6 Nexd3 26. cxd3 Qe7 27. Rf5 gxf5 28. Nxf5 Qg5+ 29. Bxg5
Rxe2 30. Ne7+ Rxe7 31. Bxe7 Nxd3 32. Rd1 Be4 33. Kf1 Re8 34. Bd6 Re6 {Source:
Alan Ashby collection} 0-1

[Event "WECU-ch39"]
[Site "Weston-super-Mare"]
[Date "1984.04.19"]
[Round "1"]
[White "Beaumont, Chris"]
[Black "Hallett, Paul Justin"]
[Result "1-0"]
[WhiteElo "2120"]
[BlackElo "1952"]
[PlyCount "59"]
[EventDate "1984.04.19"]
[EventType "swiss"]
[EventRounds "7"]
[EventCountry "ENG"]
[SourceTitle "BritBase"]
[Source "John Saunders"]
[SourceDate "2024.07.04"]
[SourceVersion "1"]
[SourceVersionDate "2024.07.04"]
[SourceQuality "1"]

1. Nf3 Nf6 2. c4 c5 3. Nc3 Nc6 4. d4 cxd4 5. Nxd4 g6 6. e4 d6 7. Be2 Bg7 8. Be3
O-O 9. O-O Nd7 10. Rc1 Nxd4 11. Bxd4 Bxd4 12. Qxd4 Qb6 13. Qd2 Nf6 14. c5 dxc5
15. e5 Rd8 16. Qg5 Nd5 17. Nxd5 Rxd5 18. Bc4 Rd7 19. f4 Kg7 20. Bxf7 Kxf7 21.
f5 Kg8 22. e6 Rc7 23. Rce1 Qxb2 24. fxg6 h6 25. Qxh6 Qg7 26. Qh5 Bxe6 27. Rxe6
Rf8 28. Qh7+ Qxh7 29. gxh7+ Kg7 30. Rxf8 {Source: David LeMoir} 1-0

[Event "WECU-ch39"]
[Site "Weston-super-Mare"]
[Date "1984.04.19"]
[Round "2"]
[White "Rossiter, Philip J"]
[Black "Adams, Michael"]
[Result "0-1"]
[WhiteElo "2144"]
[BlackElo "1976"]
[Annotator "Adams, Michael"]
[PlyCount "108"]
[EventDate "1984.04.19"]
[EventType "swiss"]
[EventRounds "7"]
[EventCountry "ENG"]
[SourceTitle "BritBase"]
[Source "John Saunders"]
[SourceDate "2024.07.04"]
[SourceVersion "1"]
[SourceVersionDate "2024.07.04"]
[SourceQuality "1"]

1. e4 c6 2. d4 d5 3. exd5 cxd5 4. c4 Nf6 5. Nc3 g6 6. cxd5 Bg7 7. Qb3 O-O 8.
Nf3 {My system is slightly frowned on in theoretical circles, but against it
the most suitable place for the knight is not f3. More normal continuations
are 8 Bg5, 8 Be2 with the idea of Bf3, and 8 g3, all aiming to protect the
extra pawn on d5. To this end, White's knight will often head for f4 via e2,
rather than to f3.} Nbd7 9. d6 {Realising he cannot hold the pawn, my opponent
ensures that my d-pawn also becomes isolated.} exd6 10. Bf4 Nb6 11. Be2 Be6 12.
Qd1 Nbd5 13. Nxd5 Nxd5 14. Bg3 Qa5+ 15. Nd2 ({The tempi that White has lost
through the queen moves are important and this check presents a difficult
situation. After} 15. Qd2 Qxd2+ 16. Kxd2 Bh6+ {I have also an advantage.})
15... Bxd4 16. O-O Ne3 17. Nb3 Nxd1 18. Nxa5 Nxb2 19. Bxd6 Rfc8 20. Bf3 Nc4 21.
Rad1 Nxa5 22. Rxd4 Rd8 {Thanks to some clever tactical play, my opponent, who
was in desperate trouble earlier, has created an ending where I have
considerable technical problems to overcome.} 23. a4 Rac8 24. h3 Nc4 25. Rc1
Nxd6 26. Rcd1 Kf8 27. Rxd6 Rxd6 28. Rxd6 Ke7 29. Rd4 b6 30. Be2 Rc1+ 31. Kh2
Rc2 32. Re4 Kd6 33. Kg3 Bd5 34. Re3 Rb2 35. f3 h5 36. Bf1 Ra2 37. Bb5 h4+ 38.
Kxh4 Rxg2 39. f4 f6 40. Rd3 Kc5 41. Ba6 Bf7 42. Rg3 Rxg3 43. Kxg3 Be6 $2 ({
This move lost time and} 43... Kd4 {was better.}) 44. Bd3 Bf7 45. h4 Kb4 $2 ({
My sealed move, before the adjournment. Again} 45... Kd4 {was better.}) 46. Bc2
$2 (46. Bb5 {was better. The move played allowed me to correct the error on
the sealed move, although I was winning in any case.}) 46... Kc3 47. Be4 Kd4
48. Bc2 f5 49. h5 gxh5 50. Kh4 Ke3 51. Kg5 Be6 52. Kf6 Bc8 53. Ke5 h4 54. Bb3
Bb7 {Sources: David LeMoir; Michael Adams: Development of a Grandmaster by
Bill & Michael Adams (Pergamon, 1991)} 0-1

[Event "WECU-ch39"]
[Site "Weston-super-Mare"]
[Date "1984.04.19"]
[Round "2"]
[White "Shire, David John"]
[Black "House, Paul G"]
[Result "1-0"]
[WhiteElo "2160"]
[BlackElo "2040"]
[PlyCount "45"]
[EventDate "1984.04.19"]
[EventType "swiss"]
[EventRounds "7"]
[EventCountry "ENG"]
[SourceTitle "BritBase"]
[Source "John Saunders"]
[SourceDate "2024.07.04"]
[SourceVersion "1"]
[SourceVersionDate "2024.07.04"]
[SourceQuality "1"]

1. d4 Nf6 2. c4 g6 3. Nc3 Bg7 4. e4 d6 5. f4 O-O 6. Nf3 c5 7. d5 e6 8. Be2 exd5
9. e5 dxe5 10. fxe5 Ng4 11. Bg5 Qd7 12. cxd5 Nxe5 13. O-O a6 14. Qd2 f5 15.
Rae1 Qf7 16. Nxe5 Bxe5 17. Bf3 Nd7 18. d6 Bd4+ 19. Be3 Qf6 20. Nd5 Qxd6 21.
Bxd4 cxd4 22. Qxd4 Qc5 23. Ne7+ {Source: David LeMoir} 1-0

[Event "WECU-ch39"]
[Site "Weston-super-Mare"]
[Date "1984.04.19"]
[Round "2"]
[White "Thompson, Ian D"]
[Black "Andrews, B Peter A"]
[Result "1-0"]
[WhiteElo "2120"]
[BlackElo "2072"]
[PlyCount "51"]
[EventDate "1984.04.19"]
[EventType "swiss"]
[EventRounds "7"]
[EventCountry "ENG"]
[SourceTitle "BritBase"]
[Source "John Saunders"]
[SourceDate "2024.07.04"]
[SourceVersion "1"]
[SourceVersionDate "2024.07.04"]
[SourceQuality "1"]

1. c4 e5 2. Nc3 f5 3. d4 d6 4. dxe5 dxe5 5. Qxd8+ Kxd8 6. Nf3 Nc6 7. Bg5+ Be7
8. O-O-O+ Bd7 9. Bxe7+ Ngxe7 10. e3 Ke8 11. Be2 a6 12. Rd2 e4 13. Nd4 Ne5 14.
Rhd1 Kf7 15. f3 c5 16. Nb3 exf3 17. gxf3 Be6 18. Nxc5 Bxc4 19. Nxb7 Bxe2 20.
Rxe2 Nxf3 21. e4 g6 22. exf5 Nxf5 23. Rd7+ Kf6 24. Ne4+ Ke5 25. Nd2+ Kf4 26.
Re4+ {Source: Ian Thompson} 1-0

[Event "WECU-ch39"]
[Site "Weston-super-Mare"]
[Date "1984.04.19"]
[Round "2"]
[White "Ashby, Alan Peter"]
[Black "Wheeler, George W"]
[Result "1-0"]
[WhiteElo "2256"]
[BlackElo "2088"]
[PlyCount "75"]
[EventDate "1984.04.19"]
[EventType "swiss"]
[EventRounds "7"]
[EventCountry "ENG"]
[SourceTitle "BritBase"]
[Source "John Saunders"]
[SourceDate "2024.07.04"]
[SourceVersion "1"]
[SourceVersionDate "2024.07.04"]
[SourceQuality "1"]

1. e4 c5 2. Nf3 e6 3. d4 cxd4 4. Nxd4 Nf6 5. Nc3 Nc6 6. Nxc6 dxc6 7. Qxd8+ Kxd8
8. e5 Nd5 9. Ne4 h6 (9... Nb4 10. Bg5+ Kc7 11. O-O-O Nxa2+ 12. Kb1 Nb4 13. Bd8+
Kb8 14. Ng5 $13) 10. a3 f5 11. exf6 Nxf6 12. Bd3 Nxe4 13. Bxe4 Bc5 (13... Bd6
$142) 14. Bf4 Rf8 15. Be5 Bxf2+ 16. Ke2 Bh4 17. Bxg7 Rf4 18. Bf3 Bg5 19. h4
Rxh4 20. Rxh4 Bxh4 21. Rh1 Bg5 22. Bxh6 Bf6 23. Bc1 e5 24. Rh7 Rb8 25. Kf2 (25.
Be3 $16) 25... Be6 26. Be3 Bg8 27. Rh6 Ke7 28. Bxa7 Ra8 29. Bc5+ Kf7 30. Bh5+
Ke6 31. g4 Bf7 32. Bxf7+ Kxf7 33. Rh7+ Bg7 34. Kf3 Kg6 35. Rh3 Rd8 (35... e4+
36. Kxe4 Bxb2 37. Rb3 $16) 36. Ke2 Kg5 $4 (36... Rd5 37. Be3 b5 {/\e4 - White
still has great technical difficulties}) 37. Be7+ Kxg4 38. Rh4+ {Source: Alan
Ashby collection} 1-0

[Event "WECU-ch39"]
[Site "Weston-super-Mare"]
[Date "1984.04.19"]
[Round "2"]
[White "Coleman, Hugh George"]
[Black "Moore, Gerald"]
[Result "0-1"]
[WhiteElo "2072"]
[BlackElo "2208"]
[PlyCount "64"]
[EventDate "1984.04.19"]
[EventType "swiss"]
[EventRounds "7"]
[EventCountry "ENG"]
[SourceTitle "BritBase"]
[Source "John Saunders"]
[SourceDate "2024.07.04"]
[SourceVersion "1"]
[SourceVersionDate "2024.07.04"]
[SourceQuality "1"]

1. e4 c5 2. Nc3 e6 3. g3 Nc6 4. Bg2 Nf6 5. f4 d5 6. e5 Nd7 7. d3 Be7 8. Nf3 Rb8
9. O-O O-O 10. Ne2 b5 11. Be3 b4 12. Bf2 a5 13. Re1 Qc7 14. Qc1 Re8 15. Kh1 Ba6
16. g4 Rbc8 17. Bg3 Nd4 18. Nexd4 cxd4 19. Nxd4 Qb6 20. Bf2 Bc5 21. c3 bxc3 22.
bxc3 Bb4 23. cxb4 Rxc1 24. Rexc1 Qxb4 25. Rc7 Qb2 26. Nc2 Rc8 27. Bd4 Qxa1+ 28.
Nxa1 Rxc7 29. Bf1 Nc5 30. Nb3 Nxd3 31. Bb6 Rc2 32. Nxa5 Rc1 {Source: David
LeMoir} 0-1

[Event "WECU-ch39"]
[Site "Weston-super-Mare"]
[Date "1984.04.19"]
[Round "2"]
[White "LeMoir, David A"]
[Black "Elliott, Sean"]
[Result "1-0"]
[WhiteElo "2128"]
[BlackElo "1896"]
[PlyCount "89"]
[EventDate "1984.04.19"]
[EventType "swiss"]
[EventRounds "7"]
[EventCountry "ENG"]
[SourceTitle "BritBase"]
[Source "John Saunders"]
[SourceDate "2024.07.04"]
[SourceVersion "1"]
[SourceVersionDate "2024.07.04"]
[SourceQuality "1"]

1. b3 e5 2. Bb2 Nc6 3. e3 d5 4. Bb5 Bd6 5. Nf3 Qe7 6. c4 Nf6 7. c5 Bxc5 8. Nxe5
Bd7 9. Nxc6 Bxc6 10. Bxc6+ bxc6 11. O-O O-O 12. d4 Bd6 13. Nd2 c5 14. Nf3 c6
15. dxc5 Bxc5 16. Rc1 Ne4 17. Nd4 Rac8 18. Qd3 f5 19. f3 Bxd4 20. Bxd4 c5 21.
Bb2 Nf6 22. Bxf6 Rxf6 23. Qxd5+ Kh8 24. Rfe1 h6 25. e4 fxe4 26. Rxe4 Qd6 27.
Qxd6 Rxd6 28. Rec4 Rcd8 29. R1c2 Rd1+ 30. Kf2 R8d2+ 31. Ke3 Rd6 32. Rxc5 R1d4
33. R5c4 Rd1 34. Rb2 Rg1 35. Kf2 Rgd1 36. Rcc2 Rh1 37. h3 h5 38. b4 h4 39. Rc4
g5 40. Rc5 Rdd1 41. Rxg5 Rhf1+ 42. Ke3 Rfe1+ 43. Re2 Rxe2+ 44. Kxe2 Ra1 45. Ra5
{Source: David LeMoir} 1-0

[Event "WECU-ch39"]
[Site "Weston-super-Mare"]
[Date "1984.04.20"]
[Round "3"]
[White "Brown, Wilfred A"]
[Black "Ashby, Alan Peter"]
[Result "1/2-1/2"]
[WhiteElo "2112"]
[BlackElo "2256"]
[PlyCount "85"]
[EventDate "1984.04.19"]
[EventType "swiss"]
[EventRounds "7"]
[EventCountry "ENG"]
[SourceTitle "BritBase"]
[Source "John Saunders"]
[SourceDate "2024.07.04"]
[SourceVersion "1"]
[SourceVersionDate "2024.07.04"]
[SourceQuality "1"]

1. e4 c5 2. Nf3 e6 3. d4 cxd4 4. Nxd4 a6 5. Bd3 Nf6 6. O-O d6 7. Be3 Be7 8. Nd2
Nc6 9. f4 Qc7 10. Qf3 O-O 11. h3 Nxd4 12. Bxd4 e5 13. fxe5 dxe5 14. Qg3 Bc5 15.
Bxc5 Qxc5+ 16. Kh1 Nh5 17. Qg5 g6 (17... Nf4 $2 18. Rxf4 f6 19. Qh5 g6 20. Rg4
$1 $18) 18. Kh2 Kg7 (18... f6 $142 19. Qh6 Nf4) 19. Nc4 f6 20. Qe3 Qxe3 21.
Nxe3 Nf4 22. Bc4 b5 23. Bb3 Rd8 24. Rfd1 (24. Rad1 $142) 24... Bb7 25. g3 Ne2
26. Bd5 (26. c3 Bxe4 27. Re1 Rd2 $17) 26... Bxd5 27. Rxd5 Rxd5 28. Nxd5 f5 29.
exf5 gxf5 30. Re1 Nd4 31. Kg2 e4 32. c3 Nf3 33. Rd1 Rd8 34. Kf2 Ne5 35. Rd4
Nd3+ 36. Ke3 Nxb2 37. Kf4 Rf8 38. Nc7 Nd3+ 39. Ke3 Rf7 40. Nxa6 Ra7 41. Nb4
Nxb4 42. Rxb4 Rxa2 43. Rxb5 {Source: Alan Ashby collection} 1/2-1/2

[Event "WECU-ch39"]
[Site "Weston-super-Mare"]
[Date "1984.04.20"]
[Round "3"]
[White "Moore, Gerald"]
[Black "Shire, David John"]
[Result "1/2-1/2"]
[WhiteElo "2208"]
[BlackElo "2160"]
[PlyCount "81"]
[EventDate "1984.04.19"]
[EventType "swiss"]
[EventRounds "7"]
[EventCountry "ENG"]
[SourceTitle "BritBase"]
[Source "John Saunders"]
[SourceDate "2024.07.04"]
[SourceVersion "1"]
[SourceVersionDate "2024.07.04"]
[SourceQuality "1"]

1. Nf3 Nf6 2. c4 g6 3. Nc3 Bg7 4. e4 d6 5. d4 O-O 6. Be2 e5 7. d5 a5 8. Bg5 h6
9. Bh4 Na6 10. Nd2 Qe8 11. Rb1 Bd7 12. b3 Nh7 13. a3 h5 14. f3 Bh6 15. Bf2 f5
16. b4 axb4 17. axb4 Qe7 18. c5 dxc5 19. Bxa6 Rxa6 20. bxc5 Qg5 21. Nc4 Qxg2
22. Rg1 Qxh2 23. c6 Ng5 24. cxd7 fxe4 25. Nd2 Nh3 26. Rf1 e3 27. Nde4 exf2+ 28.
Nxf2 Nxf2 29. Rxf2 Qg1+ 30. Ke2 Qxd1+ 31. Kxd1 Rd6 32. Rxb7 Rxd7 33. Ke2 Rfd8
34. Ne4 Kf7 35. Rf1 Rxd5 36. Rxc7+ R8d7 37. Rc6 Bf4 38. Rg1 Ra7 39. Rgxg6 Ra2+
40. Ke1 Ra1+ 41. Ke2 {Source: David LeMoir} 1/2-1/2

[Event "WECU-ch39"]
[Site "Weston-super-Mare"]
[Date "1984.04.20"]
[Round "3"]
[White "Adams, Michael"]
[Black "Thompson, Ian D"]
[Result "1-0"]
[WhiteElo "1976"]
[BlackElo "2120"]
[PlyCount "129"]
[EventDate "1984.04.19"]
[EventType "swiss"]
[EventRounds "7"]
[EventCountry "ENG"]
[SourceTitle "BritBase"]
[Source "John Saunders"]
[SourceDate "2024.07.04"]
[SourceVersion "1"]
[SourceVersionDate "2024.07.04"]
[SourceQuality "1"]

1. e4 e6 2. d4 d5 3. Nd2 Nf6 4. e5 Nfd7 5. f4 c5 6. c3 Nc6 7. Ndf3 Qa5 8. dxc5
Qxc5 9. Ne2 a5 10. Ned4 Nxd4 11. cxd4 Qb6 12. a3 Nb8 13. Bd3 Bd7 14. O-O g6 15.
Qe2 Be7 16. Be3 Nc6 17. Rac1 Na7 18. Kh1 a4 19. Rg1 Bb5 20. Bxb5+ Qxb5 21. Qf2
Rc8 22. Rxc8+ Nxc8 23. Qc2 O-O 24. g4 Nb6 25. f5 Rc8 26. Qf2 Qd3 27. fxe6 fxe6
28. Nd2 Rf8 29. Qg3 Nc4 30. Nxc4 dxc4 31. Bh6 Rf3 32. Qg2 Bd8 33. g5 Bb6 34.
Qg4 Rf5 35. Rd1 Qc2 36. h4 Kf7 37. d5 exd5 38. h5 Be3 39. Re1 Qf2 40. Rxe3 Qxe3
41. Qxf5+ gxf5 42. g6+ hxg6 43. hxg6+ Kxg6 44. Bxe3 f4 45. Bd4 Kf5 46. Kg2 Ke6
47. Kf3 Kf5 48. Bc3 b5 49. Bd4 Ke6 50. Kxf4 Kd7 {(sealed move)} 51. Kf5 Ke7 52.
e6 Ke8 53. Ke5 b4 54. axb4 Ke7 55. b5 c3 56. Bxc3 Kd8 57. b6 Kc8 58. e7 Kd7 59.
b7 Kxe7 60. b8=Q Kf7 61. Qb6 Kg7 62. Kf5+ Kf8 63. Qb7 Ke8 64. Ke6 Kf8 65. Qf7#
{Source: Ian Thompson} 1-0

[Event "WECU-ch39"]
[Site "Weston-super-Mare"]
[Date "1984.04.20"]
[Round "3"]
[White "Boyce, James R"]
[Black "LeMoir, David A"]
[Result "0-1"]
[WhiteElo "2048"]
[BlackElo "2128"]
[PlyCount "64"]
[EventDate "1984.04.19"]
[EventType "swiss"]
[EventRounds "7"]
[EventCountry "ENG"]
[SourceTitle "BritBase"]
[Source "John Saunders"]
[SourceDate "2024.07.04"]
[SourceVersion "1"]
[SourceVersionDate "2024.07.04"]
[SourceQuality "1"]

1. e4 e5 2. d3 Nf6 3. f4 d6 4. Nf3 Nc6 5. Be2 exf4 6. O-O d5 7. e5 Nh5 8. d4
Bg4 9. Nc3 g5 10. Bb5 h6 11. Qd3 Be6 12. Ne1 Be7 13. Bd2 Qd7 14. Ne2 a6 15.
Bxc6 Qxc6 16. b3 Ng7 17. Rc1 O-O-O 18. c4 Ba3 19. cxd5 Qxd5 20. Rd1 Bc5 21. Bc3
Bb6 22. Nc2 Bf5 23. Qd2 Bxc2 24. Qxc2 Qxe5 25. Kh1 Qf5 26. Qc1 Rhe8 27. Ng1 Qd5
28. Qc2 Nf5 29. Bd2 Nxd4 30. Qb2 Ne2 31. Qc2 Nxg1 32. Bxf4 Re2 {Source: David
LeMoir} 0-1

[Event "WECU-ch39"]
[Site "Weston-super-Mare"]
[Date "1984.04.21"]
[Round "4"]
[White "Staples, Maurice J"]
[Black "Wheeler, George W"]
[Result "1-0"]
[WhiteElo "2096"]
[BlackElo "2088"]
[PlyCount "72"]
[EventDate "1984.04.19"]
[EventType "swiss"]
[EventRounds "7"]
[EventCountry "ENG"]
[SourceTitle "BritBase"]
[Source "John Saunders"]
[SourceDate "2024.07.04"]
[SourceVersion "1"]
[SourceVersionDate "2024.07.04"]
[SourceQuality "1"]

1. d4 f5 2. Bg5 g6 3. Nc3 Bg7 4. e4 fxe4 5. Nxe4 d5 6. Ng3 Nc6 7. c3 Qd6 8. Qd2
Bf6 9. h4 Bg4 10. h5 O-O-O 11. hxg6 hxg6 12. Rxh8 Bxh8 13. Be2 Bxe2 14. N1xe2
Rf8 15. f4 Nf6 16. O-O-O Nd8 17. f5 Qa6 18. fxg6 Qxa2 19. Qc2 Nc6 20. Rh1 Na5
21. Rxh8 Rxh8 22. Bxf6 Qa1+ 23. Qb1 Qxb1+ 24. Kxb1 exf6 25. g7 Rg8 26. Nf5 Kd7
27. Nf4 Nc6 28. Nh5 Ke6 29. Nh6 Ne7 30. Kc2 Ra8 31. g4 c6 32. Nf4+ Kd6 33. Nh5
Ng8 34. Nxg8 Rxg8 35. Nxf6 Rxg7 36. Ne8+ Ke7 {Source: David LeMoir} 1-0

[Event "WECU-ch39"]
[Site "Weston-super-Mare"]
[Date "1984.04.21"]
[Round "4"]
[White "Shire, David John"]
[Black "Beaumont, Chris"]
[Result "1/2-1/2"]
[WhiteElo "2160"]
[BlackElo "2120"]
[PlyCount "44"]
[EventDate "1984.04.19"]
[EventType "swiss"]
[EventRounds "7"]
[EventCountry "ENG"]
[SourceTitle "BritBase"]
[Source "John Saunders"]
[SourceDate "2024.07.04"]
[SourceVersion "1"]
[SourceVersionDate "2024.07.04"]
[SourceQuality "1"]

1. d4 Nf6 2. c4 g6 3. Nc3 Bg7 4. e4 d6 5. f4 O-O 6. Nf3 c5 7. d5 e6 8. Be2 exd5
9. e5 Ng4 10. cxd5 dxe5 11. h3 e4 12. hxg4 exf3 13. gxf3 Re8 14. f5 b6 15. Kf1
Ba6 16. Bxa6 Nxa6 17. Qd2 Qd6 18. Ne4 Rxe4 19. fxe4 Qg3 20. Qg2 Qd3+ 21. Qe2
Qg3 22. Qg2 Qd3+ {Source: David LeMoir} 1/2-1/2

[Event "WECU-ch39"]
[Site "Weston-super-Mare"]
[Date "1984.04.21"]
[Round "4"]
[White "Rossiter, Philip J"]
[Black "Thompson, Ian D"]
[Result "1-0"]
[WhiteElo "2144"]
[BlackElo "2120"]
[PlyCount "51"]
[EventDate "1984.04.19"]
[EventType "swiss"]
[EventRounds "7"]
[EventCountry "ENG"]
[SourceTitle "BritBase"]
[Source "John Saunders"]
[SourceDate "2024.07.04"]
[SourceVersion "1"]
[SourceVersionDate "2024.07.04"]
[SourceQuality "1"]

1. e4 e6 2. d4 d5 3. Nc3 Bb4 4. Bd2 dxe4 5. Qg4 Nf6 6. Qxg7 Rg8 7. Qh6 b6 8.
O-O-O Bb7 9. Nge2 Nbd7 10. Bf4 Rg6 11. Qh3 Bd6 12. Bxd6 cxd6 13. Nb5 Ke7 14.
Qa3 Nf8 15. d5 a6 16. Nbd4 Nxd5 17. Ng3 f5 18. Bc4 Rxg3 19. Qxg3 Nc7 20. Nxf5+
Kf6 21. Nxd6 Bd5 22. Nxe4+ Kf7 23. Ng5+ Ke8 24. Rhe1 Kd7 25. Nxe6 Nfxe6 26.
Bxd5 {time. Source: Ian Thompson} 1-0

[Event "WECU-ch39"]
[Site "Weston-super-Mare"]
[Date "1984.04.21"]
[Round "4"]
[White "Ashby, Alan Peter"]
[Black "Crickmore, Neil EG"]
[Result "1-0"]
[WhiteElo "2256"]
[BlackElo "2008"]
[PlyCount "55"]
[EventDate "1984.04.19"]
[EventType "swiss"]
[EventRounds "7"]
[EventCountry "ENG"]
[SourceTitle "BritBase"]
[Source "John Saunders"]
[SourceDate "2024.07.04"]
[SourceVersion "1"]
[SourceVersionDate "2024.07.04"]
[SourceQuality "1"]

1. e4 e6 2. d4 d5 3. Nc3 Bb4 4. e5 c5 5. Qg4 Ne7 6. Nf3 Nbc6 7. a3 Bxc3+ 8.
bxc3 Qc7 9. Bb5 cxd4 (9... Bd7 $142) 10. O-O Bd7 (10... dxc3 11. Qxg7 Rg8 12.
Bxc6+ Qxc6 13. Qxh7 Bd7 14. Bg5) 11. cxd4 Nf5 (11... O-O-O $5) 12. Bd3 h5 13.
Qf4 Nce7 14. a4 O-O-O 15. Ba3 Rde8 (15... f6 $142) 16. a5 f6 17. Qd2 Bc6 (17...
Nc6 $142) 18. Rfe1 Qd7 19. Rab1 Ng6 $2 (19... h4 $142 20. h3 Kb8 {/\Nc8}) 20.
Bxf5 exf5 21. Bd6 h4 (21... Ne7 22. Qb4 Kd8 23. e6 Qc8 24. Nh4 $16) 22. Qb4 h3
23. Qc5 a6 (23... f4 24. Qxa7 Qg4 25. Qb8+ Kd7 26. e6+ Rxe6 27. Qc7+ Ke8 28.
Rxe6+ Qxe6 29. Re1 $18) 24. c4 f4 25. Qa7 Kd8 26. cxd5 Bxd5 27. Rbc1 Ne7 (27...
Qg4 28. Qb8+ Kd7 29. e6+ Rxe6 30. Rc7+ $1 Kxd6 31. Rc8+ Kd7 32. Qc7#) 28. Qb6+
{Source: Alan Ashby collection} 1-0